000
00335 a2200157 4500
001
170018
020
_a
040
_c
Magnum
100
_a
Tibo, Alaide de Souza Melo
240
1
0
_a
Preparando a alfabetizacao
_l
por
245
1
0
_a
Preparando a alfabetizacao
362
0
_a
1899
440
1
_a
Lemi
697
_a
ENSINO
942
_c
BK
999
_c
170018
_d
170018